[Event "JPN-ch 46th"]
[Site "Tokyo"]
[Date "2013.05.03"]
[Round "5"]
[White "Hokao, Kazuhiro"]
[Black "Kobayashi, Atsuhiko"]
[Result "0-1"]
[WhiteElo "1966"]
[BlackElo "2011"]
[PlyCount "90"]
[EventDate "2013.05.01"]
[EventType "swiss"]
[EventRounds "11"]
[EventCountry "JPN"]
[SourceTitle "CBM 154 Extra"]
[Source "ChessBase"]
[SourceDate "2013.06.25"]
[SourceVersion "2"]
[SourceVersionDate "2013.06.25"]
[SourceQuality "1"]

1. Nf3 g6 2. d4 f5 3. c4 Bg7 4. g3 Nf6 5. Bg2 0-0 6. 0-0 d6 7. b3 e5 8. dxe5 dxe5 9. Ba3 Qxd1 10. Rxd1 Re8 11. Nc3 c6 12. Rac1 Na6 13. Bd6 Ng4 14. h3 Nh6 15. Ng5 Bf6 16. h4 Bxg5 17. hxg5 Nf7 18. f4 Nxd6 19. Rxd6 e4 20. Rcd1 Nc7 21. Kf2 a5 22. Ke3 Ne6 23. Na4 Ra6 24. c5 Nc7 25. Nb6 Be6 26. Rd8 Kf7 27. Rxe8 Kxe8 28. Kd4 Nd5 29. Nc4 Ke7 30. Rh1 Bg8 31. g4 Nxf4 32. Bf1 Ne6+ 33. Ke5 fxg4 34. Ne3 Nxg5 35. Nxg4 Be6 36. Kf4 Bxg4 37. Kxg4 Kf6 38. Bg2 h5+ 39. Kh4 Ne6 40. Rc1 g5+ 41. Kg3 Nf4 42. Bf1 h4+ 43. Kg4 Nd5 44. Bh3 Ne3+ 45. Kh5 Ra8 0-1